000
00336nam a22001577a 4500
005
20160629120543.0
008
160629b xxu||||| |||| 00| 0 eng d
041
_a
eng
082
_b
11015
100
_a
Mukhobathaya, S.C
_9
3154
245
_a
Srikavta
260
_b
Kanein
300
_a
400
650
_a
Management
_9
241
942
_c
BK
999
_c
4621
_d
4619